000 00596nam a2200241Ia 4500
003 OSt
005 20221005115521.0
006 a|||||r|||| 00| 0
007 ta
008 221004b |||||||| |||| 00| 0 tam d
024 _a49951
037 _cTextual
040 _aCRL
_cCRL
_btam
041 _2tam
_atam
082 _aO31,3N22,6, J5;K5
100 _aAkilan Au.
_9229592
245 0 _aChengarumbu
260 _c1965
650 _a TAMIL LITERATURE
650 _aTAMIL FICTION
942 _hO31,3N22,6, J5;K5
_cTEXL
_2cc
999 _c1035067
_d1035067